=LDR 00000nam 2200000 4500 =001 INLIS000000000014704 =005 20130612110001 =008 ***********************************Ind** =035 ##$$0010-061300000014704 =041 ##$$a Ind =082 ##$$a 297.43 =090 ##$$a 297.43, Zak e =100 ##$$a Zakaria, Abu maryambin =245 ##$$a 40 kebiasaan buruk wanita, Abu maryam bin Zakariah =260 ##$$a 2003 $b jakarta =300 ##$$a xx,300 hlm, Ilus, 21 cm =650 ##$$a Wanita dalam islam =850 ##$$a NBPNMAT